00673nam a2200241 a 4500001001300000003000900013005001700022008004100039020002300080082001600103100001500119245003600134260003200170300000900202500003500211505001000246650001100256700001500267902000800282942000700290952011700297999001700414nice12345678IN_TiNIC20260116013812.0050524s1995 dela grp 000 0 eng  a8124120 c39500a953.67bPAS aPasha, A K aKuwaitb Strategies of Survival aDelhibHar Anand Pub c1995 a334p aincludes index and biblioraphy2 aIndex aKuwait1 aPasha, A K bSRS cBK 001040708StackRoom-aHMIbHMId2007-04-03g395.00l0o953.67 PASp016028r2007-04-03v395.00w2005-05-24yBK c12575d12575